La propiedad inmueble por extranjeros /

Uloženo v:
Podrobná bibliografie
Korporativní autor: México. Secretaría de Fomento
Další autoři: Vallarta, Ignacio Luis (autor) (autor), Rosenzweig Díaz Azmitia, Alfonso de (preliminares) (preliminares), Ortega Noriega, Sergio (prólogo) (prólogo)
Médium: Kniha
Jazyk:španělština
Vydáno: México : Secretaría de Relaciones Exteriores, Archivo Histórico Diplomático Mexicano, 1986, c1986
Edice:(Archivo Histórico Diplomático Mexicano Cuarta Epoca ; 22)
Témata:
Tagy: Přidat tag
Žádné tagy, Buďte první, kdo vytvoří štítek k tomuto záznamu!

MARC

LEADER 00000nam^a2200000^a^4500
001 000142988
005 20250521000000.0
009 20260310095707.441
020 |a 968-810-094-3 
037 |a Acervo ITESO - Biblioteca 
041 |a ESP 
082 |a 342. 72083  |b VAL 
110 |a México.  |b Secretaría de Fomento 
245 1 3 |a La propiedad inmueble por extranjeros /  |c I.L. Vallarta ; prelim. de A. de Rosenzweig Díaz Azmitia ; pról. de S. Ortega Noriega. 
264 4 |a México :  |b Secretaría de Relaciones Exteriores, Archivo Histórico Diplomático Mexicano,  |c 1986, c1986 
300 |a 96 p. 
336 |a texto  |b txt  |2 rdacontenido 
337 |a sin mediación  |b n  |2 rdamedio 
338 |a volumen  |b nc  |2 rdasoporte 
440 1 |a (Archivo Histórico Diplomático Mexicano Cuarta Epoca ;  |v 22) 
649 |a XX 
650 |a Extranjeros en México -  |x Condiciones Jurídicas 
650 |a Bienes Inmuebles -  |z México -  |x Aspectos Jurídicos 
650 |a Bienes Inmuebles -  |z México -  |x Aspectos Jurídicos 
650 |a Derecho Minero -  |z México 
650 |a Derechos Reales -  |z México 
650 |a Derecho de Propiedad -  |z México 
650 |a Derecho Patrimonial -  |z México 
650 |a Derecho Civil -  |z México 
650 |a Derecho Privado -  |z México 
650 |a Derecho Internacional Privado 
650 |a Derecho Positivo 
700 |a Vallarta, Ignacio Luis  |e (autor) 
700 |a Rosenzweig Díaz Azmitia, Alfonso de  |e (preliminares) 
700 |a Ortega Noriega, Sergio  |e (prólogo) 
910 |a Fondo General 
920 |a Impresos - Libros 
930 |a Colección General 
905 |a 101 
901 |a 0500071556  |b IT1  |c ACC  |u 20250521 
902 |a https://opac.biblio.iteso.mx/vufind/Record/000142988